| 000 | 00549cab a2200217 4500 | ||
|---|---|---|---|
| 001 | X2686 | ||
| 008 | 090401t1991 xxu||||| |||| 00| 0 eng d | ||
| 035 | _a(Sirsi) u25798 | ||
| 041 | _aeng | ||
| 100 | _aRiley, M. | ||
| 245 | _aProperty lending survey 1991 | ||
| 260 | _c1991 | ||
| 350 | _a0 | ||
| 490 |
_aJournal of Property Finance _v2 (1) Summer 1991, 74-77(2) |
||
| 650 | _aBANKS | ||
| 650 | _aFINANCIAL INSTITUTIONS | ||
| 690 | _aPROPERTY-PROPERTY FINANCE AND INVESTMENT | ||
| 700 | _aIsaac, D. | ||
| 942 | _n0 | ||
| 948 | _c04/03/1997 | ||
| 999 |
_c17339 _d17339 |
||